Представление документа в формате RUSMARC

ПолеНазваниеЗначение
  Тип записи i
  Библиографический уровень m
001 Контрольный номер EL/0000247584
005 Дата корректировки 20201206205022.1
010 Индекс ISBN __
d Цена 122-48
100 Данные общей обработки __
a Данные общей обработки 19161014d2008||||||| 0rusy0189 ca
101 Язык документа 0_
a Язык текста rus
102 Страна публикации __
a Страна публикации RU|
105 Кодированные данные (монография) __
a Кодированные данные (монография) nn|||||||||zy
127 Кодированные данные (звукозаписи-физические характеристики) __
a Продолжительность проигрывания 03 ч 58 мин
200 Заглавие и сведения об ответственности 1_
a Заглавие Грибоедовская Москва
e Сведения, относящиеся к заглавию [12+]
f Первые сведения об ответственности М. О. Гершензон ; читает Станислав Федосов
b Общее обозначение материала Звукозапись
210 Выходные данные __
a Место издания Москва
c Издательство АРДИС
d Дата издания 2008
215 Физическое описание __
a Объем 1 электрон. опт. диск (Audio CD)
c Иллюстрации/тип воспроизводства mp3
d Формат 13х14 см
225 Серия __
a Серия Москва и москвичи
230 Специфическая характеристика материала: электронные ресурсы __
a Обозначение и объем ресурса Электронные звуковые данные (406 МБ)
300 Общие примечания __
a Общие примечания Текст прочитан без сокращений по изданию: : Грибоедовская Москва / Гершензон М. О. – М., 1914
300 Общие примечания __
a Общие примечания Заглавие с титульного экрана
323 Примечание о главных создателях, исполнителях, участниках __
a Примечание о главных создателях, исполнителях, участниках Федосов, С. (читает)
330 Аннотация __
a Аннотация "Грибоедовская Москва" Михаила Осиповича Гершензона (1869-1925), историка культуры, - историческая иллюстрация "Горя от ума", история яркой представительницы московского великосветского общества Марии Ивановны Римской-Корсаковой и ее семьи. В ее доме частенько бывал Грибоедов, за одной из ее дочерей ухаживал Пушкин. В основу положены многочисленные письма, как самой Марии Ивановны, так и ее окружения. Интересно, что в центре повествования не внешние события жизни, а подковерные пружины, интриги. К примеру, заботы по "уловлению женихов" для дочерей, или поистине кипучая деятельность по продвижению карьеры сына. Любопытно узнать, как это делалось в послевоенной (1816-1818гг) Москве.
333 Примечание о целевом назначении __
a Примечание о целевом назначении 12+. Для детей старше 12 лет
337 Примечание о системных требованиях (электронные ресурсы) __
a Примечание о системных требованиях (электронные ресурсы) Системные требования: IBM ; Pentium 133 MHz ; 32 Mb RAM ; 4-x CD-ROM ; звуковая карта ; видеоадаптер SVGA 800x600 и выше ; операционная система Windows 95/NT и выше
600 Персоналии __
a Персоналии (Фамилия) Грибоедов, А. С.
c Дополнение к имени поэт русский
c Дополнение к имени дипломат русский
f Даты 1795-1829
g Полное имя Александр Сергеевич
606 Тематические рубрики __
a Основная рубрика Литературоведение
606 Тематические рубрики __
a Основная рубрика Русская литература XIX в.
606 Тематические рубрики __
a Основная рубрика История
606 Тематические рубрики __
a Основная рубрика Россия в XVIII в. - 1917 г.
z Хронологическая подрубрика 19 в.
y Географическая подрубрика Москва
y Географическая подрубрика Российская империя
610 Ключевые слова __
a Ключевые слова города
a Ключевые слова городской быт
a Ключевые слова горожане
a Ключевые слова дворяне
a Ключевые слова дворянские нравы
a Ключевые слова дворянские обычаи
a Ключевые слова дворянские семьи
a Ключевые слова дворянский быт
a Ключевые слова история городов
a Ключевые слова литературное творчество
a Ключевые слова переписка
a Ключевые слова персоналии
a Ключевые слова писатели
a Ключевые слова письма
a Ключевые слова поэты
a Ключевые слова публицистика
686 Индексы других классификаций __
2 Код системы rubbks
a Классификационный индекс 83.3(2=411.2)52-8я04
686 Индексы других классификаций __
2 Код системы rubbks
a Классификационный индекс 63.3(2-2Москва)-7я04
700 Автор _1
a Фамилия Гершензон
b Имя М. О.
f Даты 1869-1925
g Полное личное имя Михаил Осипович
4 Код отношения 070
801 Источник записи _0
a Страна RU
b Организация Муниципальное бюджетное учреждение культуры "Централизованная библиотечная система" г. Сургут (Центральная городская библиотека им. А. С. Пушкина)
c Дата составления 20161014
g Правила каталогизации КиК/Котельникова
801 Источник записи _1
a Страна RU
b Организация Муниципальное бюджетное учреждение культуры "Централизованная библиотечная система" г. Сургут (Центральная городская библиотека им. А. С. Пушкина)
c Дата составления 20161014
g Правила каталогизации КиК/Котельникова
852 Данные о местонахождении __
j Шифр хранения 83.3(2=411.2)52-8я04
i Авторский знак Г 42
901 Тип документа __
t Тип документа 0
903 Характеристики (МАРС) __
a Дата передачи 20161014
969 Тип издания __
a Тип издания издание для слепых; аудиокнига
990 Данные о заказе (DOS) __
j Количество экземпляров (DOS) 2
t N записи в КСУ для И/У (DOS) 201610